000 00661cam a2200145 4500500
005 20260208010121.0
041 _afre
042 _adc
100 1 0 _aRisterucci-Roudnicky, Danielle
_eauthor
245 0 0 _aMathilde Lévêque, Écrire pour la jeunesse en France et en Allemagne dans l’entre-deux-guerres. Préface d’Isabelle Nières-Chevrel. Rennes, PUR, 2011. Un vol. de 335 p.
260 _c2013.
500 _a29
786 0 _nRevue d'histoire littéraire de la France | 113 | 1 | 2013-02-18 | p. 147zx-244zx | 0035-2411
856 4 1 _uhttps://shs.cairn.info/revue-d-histoire-litteraire-de-la-france-2013-1-page-147zx?lang=fr&redirect-ssocas=7080
999 _c1655189
_d1655189